000 00407nam a2200157Ia 4500
003 GCL
008 140319s9999 xx 000 0 eng d
040 _aGCL /
_cGCL
082 0 4 _a863.01
_bG L
100 1 _aGALDOS, BENITO PEREZ
245 1 0 _aLA VUETTA AL MUNDOEN LA (NUMANCIA) /
_cGALDOS, BENITO PEREZ
260 _a[S.N] :
_bHERNANDO
300 _a188
650 0 4 _aSPANISH LITERATURE
942 _2ddc
_cBK
999 _c10530
_d10530